| 000 | 00468cam a2200181ua 4500 | ||
|---|---|---|---|
| 003 | OSt | ||
| 008 | 241101b |||||||| |||| 00| 0 eng d | ||
| 020 | _a04-7092-076 | ||
| 041 | _aeng | ||
| 082 |
_a621.47 _bSIN/SO |
||
| 100 |
_aSinghal, O P. _96358 |
||
| 245 | _aSolar photo-volatic technology for rural areas / | ||
| 250 | _a1 / | ||
| 260 |
_aAllahabad : _bTechnical Publishers of India , _c1997. |
||
| 300 | _a64 ; . | ||
| 700 | 1 |
_aSingh, J K. _96359 |
|
| 942 | _cBK | ||
| 999 |
_c313 _d313 |
||